'T' Television Characters Quiz Stats

 Plays Quiz Updated Sep 21, 2017

Challenge
Share
Tweet
Score 0/20 Timer 05:00
1 Play Today
% Correct
Ted Mosby
85.1%
Tony Soprano
74.6%
Tyrion Lannister
68.4%
Tia Landry
64.5%
Topanga Lawrence
56%
Tracy Jordan
51.3%
Tom Haverford
45.2%
Tina Belcher
44%
Tobias Fünke
43.5%
Tabitha Stephens
40.7%
% Correct
Todd 'The Todd' Quinlan
34.7%
Remy 'Thirteen' Hadley
30.8%
Troy Barnes
28.6%
Tami Taylor
25.4%
Telly Monster
23.9%
Tommy Solomon
21.8%
Thea Queen
17.4%
Titus Pullo
16.3%
Teresa Lisbon
13.7%
Travis Cobb
11.4%

You're not logged in!

Compare scores with friends on all Sporcle quizzes.
OR
Log In

You Might Also Like...

Show Comments

Extras

Top Quizzes Today


Score Distribution

Your Account Isn't Verified!

In order to create a playlist on Sporcle, you need to verify the email address you used during registration. Go to your Sporcle Settings to finish the process.

Report this User

Report this user for behavior that violates our Community Guidelines.

Details: